NFL Team's Starting Wide Receivers 2026 - Statistics

General Stats
  • This quiz has been taken 157 times
  • The average score is 46 of 96
Answer Stats
Hint Answer % Correct
Detroit Lions Amon-Ra St. Brown
91%
Cincinnati Bengals Ja'Marr Chase
91%
Philadelphia Eagles A.J. Brown
88%
Minnesota Vikings Justin Jefferson
88%
Seattle Seahawks Jaxon Smith-Njigba
87%
Tee Higgins
86%
Devonta Smith
85%
Hollywood Brown
84%
Dallas Cowboys CeeDee Lamb
81%
Jayden Higgins
81%
George Pickens
79%
DJ Moore
78%
Tampa Bay Buccaneers Mike Evans
78%
Romeo Doubs
76%
Baltimore Ravens Zay Flowers
76%
New York Giants Malik Nabers
75%
Jameson Williams
74%
Michael Wilson
74%
New York Jets Garrett Wilson
73%
Jordan Addison
73%
Arizona Cardinals Marvin Harrison Jr.
73%
Cedrick Wilson Jr.
71%
Roman Wilson
71%
Green Bay Packers Christian Watson
70%
Miami Dolphins Jaylen Waddle
69%
Chicago Bears Rome Odunze
67%
Carolina Panthers Tetairoa McMillan
67%
Chris Godwin
66%
Los Angeles Rams Puka Nacua
65%
Demarcus Robinson
62%
Wan'Dale Robinson
62%
Atlanta Falcons Drake London
60%
Jayden Reed
60%
Washington Commanders Terry McLaurin
60%
Davante Adams
58%
Deebo Samuel
56%
Cooper Kupp
55%
Emeka Egbuka
54%
Keenan Allen
54%
New England Patriots Stefon Diggs
54%
Cleveland Browns Jerry Jeudy
53%
Rashod Bateman
53%
Chargers Ladd McConkey
51%
Jacksonville Jaguars Brian Thomas Jr.
49%
New Orleans Saints Chris Olave
48%
Pittsburgh Steelers DK Metcalf
48%
Luther Burden III
48%
Xavier Legette
48%
Darnell Mooney
46%
Jakobi Meyers
46%
Andrei Iosivas
45%
Jalen Nailor
45%
Denver Broncos Courtland Sutton
43%
Quentin Johnston
42%
Las Vegas Raiders Tre Tucker
42%
DeAndre Hopkins
41%
Houston Texans Nico Collins
41%
Rashid Shaheed
41%
Jahan Dotson
40%
Jalen Coker
40%
Isaac TeSlaa
38%
Darius Slayton
37%
San Francisco 49ers Jauan Jennings
37%
Malik Washington
37%
Parker Washington
37%
Buffalo Bills Khalil Shakir
36%
Indianapolis Colts Michael Pittman Jr.
35%
Ricky Pearsall
34%
Tennessee Titans Calvin Ridley
33%
Kansas City Chiefs Rashee Rice
32%
Alec Pierce
31%
Kayshon Boutte
30%
Keon Coleman
29%
Xavier Worthy
25%
Calvin Austin III
24%
Cedric Tillman
23%
Christian Kirk
20%
Elic Ayomanor
20%
Greg Dortch
20%
Jack Bech
20%
Josh Downs
20%
Troy Franklin
20%
Adonai Mitchell
18%
Mack Hollins
15%
Ryan Flournoy
15%
Chimere Dike
14%
Dont'e Thornton Jr.
13%
Isaiah Bond
12%
John Metchie III
12%
Devaughn Vele
11%
Joshua Palmer
11%
Luke McCaffrey
10%
David Sills V
8%
Pat Bryant
7%
Mason Tipton
3%
Konata Mumpfield
2%
No matching quizzes found
Score Distribution
Percent of People with Each Score
Percentile by Number Answered
Your Score History
You have not taken this quiz